| 000 | 00704nam a2200193 a 4500 | ||
|---|---|---|---|
| 005 | 20210223125256.0 | ||
| 008 | 040216s1986 mx r 000 0 spa d | ||
| 020 | _a9684700717 | ||
| 035 | _aUPN01000131917 | ||
| 049 | _aCG | ||
| 050 | 4 |
_aHD4013 _bC3.3 |
|
| 100 | 1 |
_aCarrillo Castro, Alejandro, _d1941- _935944 |
|
| 245 | 1 | 4 |
_aLas empresas públicas en México / _cAlejandro Carrillo Castro, Sergio García Ramírez ; pról. Francisco Labastida Ochoa. |
| 260 |
_aMéxico : _bM. A. Porrúa, _c1986. |
||
| 300 | _a239 p., [1] h. plg. | ||
| 650 | 4 |
_aEMPRESAS COMERCIALES DEL GOBIERNO - _xLEYES Y LEGISLACION - _zMEXICO _920887 |
|
| 700 | 1 |
_aGarcía Ramírez, Sergio, _d1938- _ecoaut. _935355 |
|
| 905 | _aLibro | ||
| 999 |
_c104072 _d104072 |
||